000 nam a22 7a 4500
999 _c127555
_d127555
008 180226b xxu||||| |||| 00| 0 eng d
050 _aPL8013
_b.F7 D5
100 _aDieterlen, Germaine
_939600
245 _aTexts sacres d'Afrique Noire
_cGermaine Dieterlen
260 _aFrance
_bGallimard
_c1965
300 _a277p. ;
_c23cm.
440 _aAfricaine
_939601
650 _aAfrican literature
_xTranslations into French
_939602
650 _aPrayers
_939603
942 _2lcc
_cMONOGRAPH